000 01298naa a2200349 c 4500
001 30561
003 ES-MaCES
005 20150929135532.0
008 980528n1998 sp ||| | spa d
035 _aCES19980045122v
040 _aES-MaCES
_bspa
_cES-MaCES
100 1 _aGaliana Moreno, Jesús María
_912597
245 1 0 _aAspectos sociales del Tratado de Amsterdam
_cJesús M. Galiana Moreno
500 _aPonencia presentada en el curso 'Euro y empleo', Málaga, 2-6 de febrero de 1998
630 0 4 _aTratado de Amsterdam
_d1997
_932871
650 4 _aaspecto sociológico
_929077
650 4 _atransferencia de competencias
_930889
650 4 _aParlamento Europeo
_929022
650 4 _aderecho comunitario
_929866
650 4 _aderechos económicos y sociales
_929875
650 4 _aempleo
_928299
650 4 _apolítica comunitaria
_930776
650 4 _apolítica social
_927029
653 1 0 _aMercado Único Europeo
650 4 _928300
_apolítica de empleo
650 4 _926752
_aUE
711 2 _aCurso 'Euro y empleo'
_d1998
_cMálaga
_9385
773 0 _tRevista española de Derecho del trabajo
_gMadrid. - N. 88 (marzo-abr. 1998) ; p. 189-196
_w(ES-MaCES)25060
902 _aART Artículo de revista
942 _2CES
_cAR
_h1.0.
999 _c30561
_d30561